Eros nero : costumi sessuali in Africa dalla preistoria ad oggi /

Sábháilte in:
Sonraí bibleagrafaíochta
Príomhchruthaitheoir: Rachewiltz, Boris : de (Údar)
Formáid: LEABHAR
Teanga:Iodáilis
Foilsithe / Cruthaithe: Milano : Longanesi, 1963
Sraith:Panorami scientifici ; 22
Ábhair:
Clibeanna: Cuir clib leis
Níl clibeanna ann, Bí ar an gcéad duine le clib a chur leis an taifead seo!

MARC

LEADER 00000nam a22000007i 4500
001 IT\ICCU\SBL\0143394
003 ItRI
005 20260220221113.0
008 910930s1963 it |||||| ||||| |||||c
015 |2 IT  |a 6312872 
040 |b ita  |c ct 
041 7 |a ita  |2 ISO-639-2 
082 |a 392.6  |2 16 
100 1 |a Rachewiltz, Boris : de  |0 IT\ICCU\CFIV\042945  |4 aut 
240 1 0 |a Eros nero.  |9 Rachewiltz, Boris : de 
245 1 0 |a Eros nero :  |b costumi sessuali in Africa dalla preistoria ad oggi /  |c di Boris De Rachewiltz ; impaginato da Mario Monti. 
260 |a Milano :  |b Longanesi,  |c 1963 
300 |a 334 p. :  |b ill. ;  |c 23 cm 
650 7 |a Costumi sessuali  |x Africa 
830 0 |a Panorami scientifici ;  |v 22  |0 IT\ICCU\RAV\0155165 
942 |2 ddc  |c BK 
952 |0 0  |1 0  |2 ddc  |4 0  |6 B_SSA03RACBOERO11  |7 1  |9 8474  |a MI  |b MI  |d 2005-12-30  |i 1420  |l 0  |o B-SSA03-RACBO-ERO11  |p CDOM1420  |r 2025-07-17 21:50:00  |w 2025-07-17  |x ACQUISTO  |y BK 
952 |0 0  |1 0  |4 0  |6 DOC_392_600000000000000_DER  |7 0  |9 22733  |a BO  |b BO  |d 2026-01-15  |i 9979  |l 0  |o DOC 392.6 DER  |p BO9979  |r 2026-01-15 23:22:36  |w 2026-01-15  |x [Sebina 5] [1 v.]  |y BK  |z 1 v. 
999 |c 7058  |d 7058